[Event "WSTCC-65 2020"]
[Site "Prague"]
[Date "2020.03.08"]
[Round "3.29"]
[White "Pribyl, Josef"]
[Black "Uddenfeldt, Dan"]
[Result "1/2-1/2"]
[WhiteElo "2225"]
[BlackElo "2320"]
[Annotator "TA"]
[PlyCount "51"]
[EventDate "2020.03.06"]
[EventType "team-tourn"]
[EventCountry "CZE"]
[SourceTitle "playchess.com"]
[Source "ChessBase"]
[SourceQuality "1"]

{[%evp 16,51,0,0,0,0,22,7,32,17,40,0,0,-13,0,0,10,-9,-7,-10,-5,-5,-7,-8,-6,-18,0,-7,0,-4,0,0,0,0,0,-14,-2,-14]} 1. e4 e5 2. Nf3 Nc6 3. d4 exd4 4. Nxd4 Nf6 5. Nxc6 bxc6 6. Bd3 d5 7. exd5 cxd5 8. O-O Be7 9. Nc3 O-O {C45: Scotch Game.} 10. Bf4 Bb7 11. Re1 {[#]} h6 $146 ({Predecessor:} 11... Re8 12. Nb5 Bc5 13. Rxe8+ Nxe8 14. c3 a6 15. Nd4 Bf8 16. Qc2 g6 17. Re1 c5 {0-1 (42) Rishovd,S (2105)-Heimisson,H (2311) Ballerup 2019}) 12. Qf3 Bd6 13. Rad1 c5 {The position is equal.} 14. Bf1 Bxf4 15. Qxf4 Qa5 16. Qa4 Qb6 17. Qb5 Bc6 18. Qxb6 axb6 19. a3 d4 20. Nb1 Rfe8 21. Rxe8+ Rxe8 22. c3 Ba4 23. Rc1 Rd8 24. cxd4 Rxd4 25. Nc3 Bc6 26. Rd1 {Not much happened in this game. Accuracy: White = 94%, Black = 92%.} 1/2-1/2

[Event "WSTCC-65 2020"]
[Site "Prague"]
[Date "2020.03.08"]
[Round "3.30"]
[White "Renman, Nils-Gustaf"]
[Black "Jurek, Josef"]
[Result "1-0"]
[WhiteElo "2307"]
[BlackElo "2254"]
[Annotator "TA"]
[PlyCount "85"]
[EventDate "2020.03.06"]
[EventType "team-tourn"]
[EventCountry "CZE"]
[SourceTitle "playchess.com"]
[Source "ChessBase"]
[SourceQuality "1"]

{[%evp 11,85,22,16,0,0,0,0,0,31,0,9,0,0,0,0,-10,0,0,0,-8,0,-13,0,0,2,-11,59,0,-10,-25,23,48,393,393,387,379,372,374,489,489,862,136,137,123,375,381,775,775,775,775,775,775,775,775,763,764,670,222,214,215,472,472,472,472,472,472,472,472,472,472,606,591,591,591,550,214]} 1. d4 Nf6 2. c4 e6 3. Nf3 b6 4. g3 Ba6 5. Qc2 Bb7 6. Bg2 c5 7. d5 {E15: Queen's Indian: 4 g3 sidelines, 4 g3 Ba6 and 4 g3 Bb7 early deviations.} exd5 8. cxd5 Nxd5 9. O-O {Black must now prevent Ng5.The position is equal.} Be7 10. Rd1 {[%mdl 1024] White has compensation.} Nc6 11. Qf5 (11. Rxd5 $2 Nb4 $17) 11... Nf6 12. e4 g6 13. Qf4 O-O 14. e5 Nh5 15. Qg4 Qb8 16. Nc3 {[#]} Re8 $146 ({Predecessor:} 16... Nxe5 17. Nxe5 Bxg2 18. Nxd7 Qb7 19. Nxf8 Nf6 20. Qh4 Bh1 21. f3 Qxf3 22. Rd2 c4 {½-½ (29) Yuffa,D (2521)-Zhigalko,S (2625) Moscow 2018}) 17. Nd5 Bf8 18. Bf4 {Strongly threatening e6.} Bg7 (18... Qc8 $11) 19. Nf6+ (19. e6 $14 f5 20. Qxh5 gxh5 21. Bxb8 Raxb8 22. exd7) 19... Bxf6 $11 20. exf6 Nxf4 (20... Nxf6 $6 21. Qh4 $14) 21. gxf4 Re6 $2 {[%mdl 8192]} ({Black should play} 21... Nd4 $1 $14 22. Nxd4 cxd4) 22. Qh4 $1 $18 Nd4 23. Nxd4 cxd4 {[#]} 24. f5 $1 {[%cal Rf5e6]} Rd6 {[#]} 25. fxg6 $1 hxg6 (25... fxg6 $142 26. f7+ Kxf7 27. Bxb7 Qxb7) 26. Qh6 $2 (26. Bxb7 $18 d3 27. Qe4) 26... Rxf6 $16 {Hoping for ...Bxg2.} 27. Rxd4 $40 {[%mdl 128] Threatening mate with Rh4. White has strong attack.} Rf5 $2 {[%mdl 8192]} (27... Bxg2 28. Rh4 Qxh2+ 29. Kxh2 Rxf2 30. Qh8#) (27... Qe5 $16 28. Rh4 (28. Bxb7 Qxd4 {[%mdl 64] Double Attack} 29. Bxa8 Rxf2 $11) 28... Rc6) 28. Rh4 $18 {[%csl Gh4][%cal Rh6h8]} Rh5 $2 (28... Qe5) 29. Rxh5 gxh5 30. Qg5+ Kf8 31. Qxh5 {Intending Qh8+ and mate.} Bxg2 32. Re1 {[%cal Rh5h8]} Kg7 33. Qg5+ {[%mdl 64] Double Attack} (33. Kxg2 Qf4 $11) 33... Kh7 34. Re3 $2 (34. Qxg2 Qg8 $14) ({And not} 34. Kxg2 Qb7+ 35. Kh3 Qf3+ 36. Qg3 Qf5+ 37. Qg4 Qxf2 $11) (34. Re7 Qf8 $16) (34. Qh4+ Kg6 35. Re3 (35. Kxg2 Qb7+ 36. f3 Qd5 $14)) 34... Qd6 {And now ...Rg8 would win.} 35. Qh5+ (35. Kxg2 Qg6 $11) 35... Kg7 $2 (35... Qh6 36. Qxf7+ Kh8) 36. Rg3+ {White is clearly winning.} ({Weaker is} 36. Kxg2 Qc6+ 37. Qf3 Rh8 $11) 36... Qxg3 37. fxg3 {[%mdl 4096] Endgame KQ-KRB} ({Less strong is} 37. hxg3 Bc6 $18) 37... Bc6 38. Qg5+ Kf8 39. h4 Re8 40. h5 Be4 41. h6 Bg6 42. Qf6 Re6 43. Qd8+ {Accuracy: White = 80%, Black = 49%.} 1-0

[Event "WSTCC-65 2020"]
[Site "Prague"]
[Date "2020.03.08"]
[Round "3.31"]
[White "Michenka, Jozef"]
[Black "Hammar, Bengt"]
[Result "1-0"]
[WhiteElo "2291"]
[BlackElo "2142"]
[Annotator "TA"]
[PlyCount "62"]
[EventDate "2020.03.06"]
[EventType "team-tourn"]
[EventCountry "CZE"]
[SourceTitle "playchess.com"]
[Source "ChessBase"]
[SourceQuality "1"]

{[%evp 23,62,68,70,56,105,87,128,120,192,183,169,159,379,369,376,375,372,389,402,394,368,396,383,328,315,313,304,292,390,384,378,381,483,424,767,758,801,746,764,718,1156]} 1. d4 Nf6 2. c4 g6 3. Nc3 Bg7 4. e4 d6 5. Bd3 O-O 6. h3 c5 7. d5 e6 8. Nf3 exd5 9. exd5 Re8+ 10. Be3 Bh6 11. O-O Bxe3 12. fxe3 Qe7 13. e4 {E90: King's Indian: Classical: Early deviations and 6 h3.} a6 14. Qd2 Kg7 15. Rf2 {[#] White is better.} Nfd7 $146 (15... Nbd7 $16 {was worth a try.} 16. Raf1 Rf8) ({Predecessor:} 15... Nbd7 16. Raf1 Rf8 17. b3 Ng8 18. Ne2 Ne5 19. Qc3 f6 20. Nxe5 Qxe5 21. Qxe5 dxe5 {½-½ (44) Groetzbach,J (2156)-Schleining,Z (2359) Dortmund 2015}) 16. Raf1 $18 {[#] Threatens to win with Ng5.} Rf8 17. Na4 {aiming for e5!} b6 $2 (17... Ra7 $16 18. Ng5 Ne5) 18. e5 ({Don't do} 18. Ng5 Ne5 $18) 18... Nxe5 19. Nxe5 dxe5 20. Nxb6 Ra7 21. Nxc8 Rxc8 22. Rxf7+ Qxf7 23. Rxf7+ Rxf7 24. Qa5 Nd7 25. Qxa6 Re8 26. Be4 Nf6 27. Qc6 Rb8 28. d6 {White is clearly winning.} Rxb2 (28... Rd7 $142 29. Bf3 Rbd8 30. Qxc5 e4) 29. Bd5 Rd7 30. Be6 Rdb7 31. d7 Rb8 {Black got outplayed after the opening. Accuracy: White = 100%, Black = 38%.} 1-0

[Event "WSTCC-65 2020"]
[Site "Prague"]
[Date "2020.03.08"]
[Round "3.32"]
[White "Malmdin, Nils-Ake"]
[Black "Cesal, Jaroslav"]
[Result "0-1"]
[WhiteElo "2168"]
[BlackElo "2136"]
[Annotator "TA"]
[PlyCount "118"]
[EventDate "2020.03.06"]
[EventType "team-tourn"]
[EventCountry "CZE"]
[SourceTitle "playchess.com"]
[Source "ChessBase"]
[SourceQuality "1"]

{[%evp 9,118,22,53,56,52,48,77,75,68,44,61,14,24,0,0,0,0,-40,-20,-62,-86,-78,-23,-16,0,0,0,-24,-7,-27,-27,-36,-36,-57,-50,-80,-48,-80,-71,-38,-42,-55,-18,-50,-14,-45,-45,-45,-45,-38,-38,-26,-36,-34,-40,-33,-32,-34,-37,-42,-27,-50,-36,-104,-113,-156,-20,-4,0,0,0,0,8,8,8,8,29,9,150,152,166,134,160,8,372,317,254,88,60,0,1225,1210,1193,1120,793,8,8,8,8,0,5875,5073,2406,-29968,-29970,-29983,-29984,-29985,-29985,-29985,-29986]} 1. e4 g6 2. d4 Bg7 3. Nc3 d6 4. Bf4 Nc6 5. Bb5 a6 6. Bxc6+ $1 {B06: Modern Defence.} bxc6 7. Qd2 Rb8 8. O-O-O {[#] White is better.} Nf6 $146 ({Predecessor:} 8... Bd7 9. Nge2 Qc8 10. f3 Qb7 11. b3 Qb4 12. Kb1 a5 13. g4 a4 14. h4 h5 15. gxh5 Rxh5 {½-½ (22) Horvath,T-Davies,N (2340) Copenhagen 1984}) 9. f3 h5 10. h4 Nd7 11. Nge2 c5 12. e5 Bb7 {Strongly threatening ...cxd4.} 13. exd6 cxd6 14. Qe3 cxd4 15. Nxd4 O-O (15... Qc7 $17) 16. Bh6 $1 $11 {[%cal Rh6g7]} Ne5 {aiming for ...Nc4.} 17. Bxg7 Kxg7 18. Qg5 {Threatens to win with Nf5+.} e6 19. Qxd8 (19. b3 {seems wilder.} Qa5 20. Na4 Bd5 21. Qd2 Qxd2+ 22. Kxd2 Rfc8 23. Nb2) 19... Rfxd8 20. b3 Rdc8 21. Nde2 d5 22. Rd4 Rc7 23. Nd1 Nc6 24. Rd2 a5 25. Nd4 Ba6 26. Re1 {Threatening Rxe6!} Kf6 27. g3 Nb4 {White must now prevent ...e5.} 28. Kb2 $1 e5 29. a3 exd4 30. axb4 Rxb4 31. Nf2 $1 Rc3 $36 {[%mdl 2048] Black is more active.} 32. Ra1 Rxf3 33. Rxa5 Bb7 34. Nd3 Rb6 35. Nf4 Ke5 36. Ne2 (36. Rg2 $15) 36... Rf2 $17 {And now ...Ke4 would win.} 37. Ra1 Re6 (37... Ba6 $1 $17 {Hoping for ...Ke4.} 38. Nxd4 Rxd2 39. Nf3+ Kf5 40. Nxd2 Kg4) 38. Rad1 $1 $11 Kd6 39. Nxd4 Rxd2 40. Rxd2 {[%mdl 4096] Endgame KRB-KRN} Re3 41. Rd3 Rxd3 42. cxd3 {KB-KN} Ke5 43. Kc3 Ba6 (43... f6 $11 {remains equal.}) 44. b4 $16 f6 45. b5 Bb7 46. b6 $2 (46. Ne2 $1 $16) 46... Kd6 $2 {[%mdl 8192]} (46... Ba8 $1 $11) 47. Kb4 $18 Ba6 48. Nb5+ $2 (48. Ka5 $1 $18 {[%cal Ra5a6] and the rest is easy.} Bb7 49. Kb5) 48... Kc6 $16 {[%mdl 64] Double Attack} 49. Ka5 ({White should play} 49. Nc7 $1 $14 Bc8 50. d4) 49... Bb7 $2 {[%mdl 8192]} (49... Bxb5 $11 50. b7 Kxb7 51. Kxb5 Kc7) 50. d4 $18 g5 51. Nc7 Kd7 {[#]} 52. Kb5 $2 (52. Na6 $1 $18 {Kb5 is the strong threat.} gxh4 53. gxh4) 52... gxh4 $11 53. gxh4 f5 54. Na6 Bc6+ $2 {[%mdl 8192]} (54... f4 $11) 55. Kc5 $18 {White wants to mate with Nb8+.} Bb7 56. Nb8+ $4 {[%mdl 8192]} (56. Nb4 $18 f4 57. Nd3) 56... Kc8 {Black mates.} 57. Nc6 {[#]} Bxc6 $1 58. Kxc6 f4 59. Kxd5 f3 {Accuracy: White = 59%, Black = 65%.} 0-1

[Event "WSTCC-65 2020"]
[Site "Prague"]
[Date "2020.03.08"]
[Round "3.33"]
[White "Burchardt, Brigitte"]
[Black "Vogt, Lothar"]
[Result "0-1"]
[WhiteElo "2075"]
[BlackElo "2352"]
[Annotator "TA"]
[PlyCount "104"]
[EventDate "2020.03.06"]
[EventType "team-tourn"]
[EventCountry "CZE"]
[SourceTitle "playchess.com"]
[Source "ChessBase"]
[SourceQuality "1"]

{[%evp 23,104,60,60,33,29,28,20,16,20,18,26,22,29,0,13,-21,18,20,19,0,0,1,16,18,17,-12,0,0,0,-17,18,6,70,34,58,38,152,160,138,133,177,182,173,165,169,0,72,-45,-16,-31,-31,-54,-48,-46,-47,-39,-34,-47,-54,-139,-140,-123,-118,-168,-145,-189,271,-195,-87,-80,-73,-76,-105,-83,-94,-1257,-1263,-29971,-29970,-29984,-29985,-29988,-29970]} 1. e4 c5 2. Nf3 e6 3. d4 cxd4 4. Nxd4 Nf6 5. Bd3 d6 6. O-O Be7 7. b3 a6 8. c4 Nbd7 9. Nc3 Qc7 10. Bb2 b6 11. Rc1 Bb7 12. Qe2 O-O 13. Bb1 {B42: Sicilian: Kan Variation: 5 Bd3.} Rfe8 14. Rfe1 Bf8 {[#]} 15. h3 $146 {The position is equal.} ({Predecessor:} 15. Kh1 g6 16. Rcd1 Rad8 17. h3 Bg7 18. Qe3 d5 19. e5 {0-1 (55) Povah,N (2302)-Spencer,C (2205) England 2013}) 15... g6 16. Qd2 Rad8 17. Nf3 Qb8 18. Qe3 Ba8 19. Qe2 Ne5 20. Rcd1 Nh5 21. Qe3 Nxf3+ 22. Qxf3 b5 23. cxb5 axb5 24. Ne2 Bg7 25. Bxg7 Kxg7 26. Nd4 Qb6 27. b4 Rc8 (27... e5 $11 28. Nf5+ Kh8) 28. a3 Rc4 29. Qe3 $36 {[%mdl 2048] Black is under pressure.} Rb8 (29... Kg8 $14) 30. Ba2 Rcc8 31. e5 $1 Qb7 {[%csl Ga8][%cal Rb7g2]} 32. f3 $1 dxe5 33. Qxe5+ Nf6 34. g4 $2 (34. Rc1 $1 $18) 34... h6 (34... Qc7 $11 {remains equal.}) 35. g5 ({White should try} 35. Bxe6 $16 Rc3 36. Nf5+ {[%mdl 64] Discovered Attack} gxf5 37. Qxc3 Qb6+ 38. Qc5 fxe6 39. Rd6 {[%mdl 64] Double Attack} Qxc5+ 40. bxc5) 35... hxg5 $15 36. Qxg5 Re8 37. Bxe6 Qb6 38. Kh2 $1 {Nf5+ would kill now.} fxe6 39. Rg1 Qc7+ 40. Rg3 $1 Qf7 {Threatens to win with ...Nh7.} 41. Rdg1 ({Better is} 41. Nxb5 $15 Nh7 42. Qe5+ Qf6 43. Rd7+ Kg8 44. Qxf6 Nxf6 45. Rxg6+ Kh8 46. Rh6+ Kg8 47. Rxf6 Rxb5 48. Rg6+ Kh8 49. Kg3) 41... Rg8 $17 42. Qe5 Bd5 $1 43. Rg4 Rbf8 44. Nxb5 Kh7 $4 {[%mdl 8192]} ({And not} 44... Bxf3 45. Rf4 $15) (44... Kh6 $1 $19 {and all is fine.} 45. Qe3+ (45. Rh4+ $2 Nh5 $17) 45... Kh7) 45. Rf4 $4 {[%mdl 8192] [#]} (45. Rh4+ $18 {is the narrow road to win.} Nh5 46. Rxg6 $1 {[%mdl 576] Remove Defender}) 45... g5 $1 46. Rxg5 Rxg5 47. Qxg5 {[#] Black must now prevent Rh4+.} Qg6 $1 {[%cal Rg6g5]} 48. Qh4+ Kg7 {...e5 is the strong threat.} 49. Qf2 $2 {[%mdl 8192]} (49. Nd6 $17) 49... e5 $19 50. Rh4 {[#]} Rc8 $1 {Black mates.} 51. Qa7+ Kg8 52. Nc3 Bxf3 {A wild game. Accuracy: White = 55%, Black = 71%.} 0-1

[Event "WSTCC-65 2020"]
[Site "Prague"]
[Date "2020.03.08"]
[Round "3.34"]
[White "Sandmeier, Toni"]
[Black "Wagner-Michel, Annett"]
[Result "1-0"]
[WhiteElo "2190"]
[BlackElo "2025"]
[Annotator "TA"]
[PlyCount "81"]
[EventDate "2020.03.06"]
[EventType "team-tourn"]
[EventCountry "CZE"]
[SourceTitle "playchess.com"]
[Source "ChessBase"]
[SourceQuality "1"]

{[%evp 20,81,13,27,18,-7,21,23,37,34,24,31,73,84,67,72,135,132,144,134,177,190,181,181,308,308,291,305,283,273,274,197,195,187,270,268,262,292,281,269,288,288,267,189,343,334,415,403,504,481,500,497,525,522,552,583,579,558,688,679,883,824,804,558]} 1. c4 e5 2. g3 Nf6 3. Bg2 d5 4. cxd5 Nxd5 5. Nf3 Nc6 6. O-O Be7 7. Nc3 Nb6 8. d3 O-O 9. a3 Be6 10. b4 f6 11. Ne4 a5 {A29: English Opening: Four Knights Variation with 4 g3.} 12. b5 Nd4 13. Nxd4 exd4 {White has an edge.} 14. Qc2 Re8 {[#]} 15. Bb2 $146 ({Predecessor:} 15. Nc5 Bxc5 16. Qxc5 Bd5 17. Bxd5+ Qxd5 18. Qxd5+ Nxd5 19. Re1 Nc3 20. a4 Nxe2+ 21. Kf1 {½-½ (42) Recio,L (1293)-O'Brien,G (1302) LSS email 2012}) 15... Qd7 16. Rfc1 Rad8 17. a4 f5 {Black is now going downhill.} (17... Nd5 $142) 18. Nc5 Bxc5 19. Qxc5 Bd5 20. Bf1 Bb3 {[#]} 21. Ra3 $1 $36 {[%cal Ra3b3][%mdl 2048] White is really pushing.} Bxa4 {[#]} (21... Be6 $142 22. Qxc7 Qxc7 23. Rxc7 Bc8) 22. Rxa4 $1 $18 {[%mdl 512]} Nxa4 23. Qc4+ {[%mdl 64] Double Attack} Kh8 24. Qxa4 Re5 25. Qxa5 Rxb5 26. Qa1 c5 (26... b6 {keeps fighting.} 27. Rc2 f4) 27. e3 b6 28. exd4 Ra5 29. Qb1 cxd4 30. Rc4 Ra4 {intending ...Rxc4.} 31. Qc2 b5 $2 (31... Rxc4 {was called for.} 32. Qxc4 Qd6) 32. Rc7 Qe6 33. Qc5 Qb3 {[#]} 34. Qe5 $1 {[%csl Gc7][%cal Re5g7] White is clearly winning.} Qg8 35. Qxb5 Ra2 36. Qb6 Rb8 37. Rb7 Rxb7 38. Qxb7 Ra4 39. Qd7 Ra6 40. Bxd4 f4 {[#]} 41. Bxg7+ $1 {Accuracy: White = 90%, Black = 40%.} 1-0

[Event "WSTCC-65 2020"]
[Site "Prague"]
[Date "2020.03.08"]
[Round "3.35"]
[White "Kierzek, Mira"]
[Black "Dekan, Hans"]
[Result "1-0"]
[WhiteElo "1983"]
[BlackElo "2099"]
[Annotator "TA"]
[PlyCount "125"]
[EventDate "2020.03.06"]
[EventType "team-tourn"]
[EventCountry "CZE"]
[SourceTitle "playchess.com"]
[Source "ChessBase"]
[SourceQuality "1"]

{[%evp 15,125,35,28,22,8,14,45,0,0,0,0,-8,1,-9,0,0,0,0,8,10,0,0,-8,-14,0,-23,-9,-22,-14,8,42,0,49,36,137,147,131,138,158,151,150,116,118,97,127,113,121,122,148,54,44,27,0,-249,-208,-209,-213,-200,-193,-222,-221,-297,-314,-297,-267,-297,224,217,577,570,1054,1054,1004,986,1014,981,854,331,786,744,5427,5447,7565,5624,29980,1185,29970,29971,29964,1757,1185,179,1185,443,29972,29970,29962,5591,29977,29977,29970,29967,29981,29982,29984,29984,29989,29987,29987,29980,29985,29980]} 1. d4 d5 2. c4 c6 3. Nf3 Bf5 4. Nc3 e6 5. e3 Nf6 6. Nh4 Bg4 7. Qb3 Qb6 8. h3 Bh5 9. Qxb6 {D12: Slav Defence: 3 Nf3 Nf6 4 e3 Bf5.} axb6 10. cxd5 exd5 (10... Nxd5 {is interesting.} 11. Nxd5 exd5 12. Bd2 Be7 13. Nf5 Bf6) 11. g4 {White is slightly better.} (11. Bd3 {seems wilder.} Nbd7 12. f3 b5 13. Kf2 Nb6 14. e4) 11... Bg6 12. Nxg6 hxg6 13. Bg2 Na6 14. O-O Bd6 {[#]} 15. f3 $146 ({Predecessor:} 15. Rd1 O-O-O 16. a3 b5 17. f3 b4 18. axb4 Bxb4 19. e4 Rhe8 20. Bg5 Be7 21. Bf4 {½-½ (57) Bonade,M (2092)-Bemporad,F (2081) Codogno 2010}) 15... O-O 16. e4 {Black must now prevent e5.} Bb4 17. a3 Nc7 18. Bd2 Bxc3 19. Bxc3 Nb5 20. Bb4 Rfe8 21. e5 Nd7 22. Rfd1 f6 23. f4 $36 {[%mdl 2048] White has the initiative.} g5 24. a4 Na7 (24... Nc7 $14) 25. exf6 $16 Nxf6 26. fxg5 Ne4 27. h4 Nc8 28. b3 Ne7 29. Rf1 c5 30. dxc5 Nc6 31. Ba3 bxc5 32. Rf5 (32. Rad1 $16) 32... Rad8 $14 33. Rd1 Nd4 {[%mdl 64] Double Attack} 34. Bxe4 $2 (34. Rff1 $11 {and White has nothing to worry.}) 34... Rxe4 35. Rf2 Rxg4+ 36. Kh2 Nxb3 {[%mdl 64] Discovered Attack} 37. Rd3 c4 ({Worse is} 37... Rxh4+ 38. Kg3 $11) 38. Rdf3 Rxh4+ 39. Kg3 Rh1 40. Kg2 {[#] Intending g6 and mate.} Rh5 $4 {[%mdl 8192]} (40... Re1 $1 $19 {and all is fine. And now ...Re5 would win.} 41. Bb4 Re6) 41. Be7 $18 {g6 would kill now. White leaves nothing to chance now.} Rd6 $2 (41... Nd2 {is tougher.}) 42. Bxd6 {Hoping for g6.} Rxg5+ 43. Rg3 Rxg3+ 44. Kxg3 d4 45. Bb4 c3 46. Rf8+ Kh7 {Black wants to play ...c2.} 47. Rc8 b6 {[#]} 48. Bxc3 $1 dxc3 49. Rxc3 {[%mdl 4096] Endgame KR-KN} Nc5 {[#]} 50. Rc4 (50. Rxc5 $142 $1 {[%mdl 512]} bxc5 51. a5 c4 52. Kf2 Kh6 53. Ke3 Kg5 54. a6 c3 55. a7) 50... Nd7 51. Kf4 Kh6 52. Rd4 (52. Rc7 $142 Nf6 53. Ke5 Kh7 54. Rb7 Kg8 55. Kd4 Kf8 56. Rxb6 Ke7 57. a5) 52... Nc5 53. Kg4 $2 (53. Kf3 g6 54. Rc4) 53... g6 $2 (53... Kg6 54. Rc4 Nd7) 54. Rc4 (54. Kf3 $142 Kg7 55. Rc4) 54... Nd7 (54... Nd3 $18 55. Rc3 Nb2) 55. Rc3 Nf6+ 56. Kf3 Kh5 {[#]} 57. Rc6 $1 {White mates.} Nd7 58. Rd6 Nc5 59. a5 g5 60. axb6 g4+ 61. Kg2 Kh4 62. Rh6+ Kg5 63. Rh7 {Accuracy: White = 68%, Black = 48%.} 1-0

[Event "WSTCC-65 2020"]
[Site "Prague"]
[Date "2020.03.08"]
[Round "3.36"]
[White "Staub, Gerhard"]
[Black "Kube, Hannelore"]
[Result "1-0"]
[WhiteElo "1986"]
[BlackElo "1919"]
[Annotator "TA"]
[PlyCount "87"]
[EventDate "2020.03.06"]
[EventType "team-tourn"]
[EventCountry "CZE"]
[SourceTitle "playchess.com"]
[Source "ChessBase"]
[SourceQuality "1"]

{[%evp 11,87,10,27,32,30,29,26,26,44,44,44,43,57,55,51,58,77,48,78,48,70,72,114,127,109,93,97,93,102,69,80,77,72,70,70,70,70,28,41,35,35,39,47,35,35,17,28,20,20,0,8,0,0,0,8,7,8,0,0,0,8,0,8,0,0,4,35,35,35,37,50,52,456,357,329,310,272,246]} 1. e4 e5 2. Nf3 Nc6 3. Bb5 a6 4. Ba4 Nf6 5. Bxc6 dxc6 6. d3 Bg4 7. h3 {C77: Ruy Lopez: 3...a6 4 Ba4 Nf6, unusual lines.} Bxf3 8. Qxf3 Nd7 9. Nd2 {White has an edge.} Qf6 10. Qxf6 Nxf6 11. Nc4 {[#]} Bd6 $146 ({Predecessor:} 11... Nd7) 12. f4 Nd7 13. f5 Be7 14. Be3 O-O-O 15. O-O-O f6 16. g4 Bc5 17. Bxc5 Nxc5 18. h4 h6 19. Rdg1 b6 20. Rh2 Nd7 21. Rhg2 Rdf8 22. g5 hxg5 23. hxg5 Kd8 24. c3 c5 25. Ne3 c6 26. a4 b5 27. axb5 axb5 28. Kc2 Kc7 29. Ra1 Rf7 30. b4 Kb7 31. gxf6 gxf6 32. Rag1 Rh3 33. Rg7 Rh7 34. Rxh7 Rxh7 $11 {[%mdl 4096] Endgame KRN-KRN} 35. Rg6 Rh2+ 36. Kc1 Rh3 37. Kd2 cxb4 38. cxb4 {With the idea Ng4.} Rh7 39. Ng4 Rf7 40. Kc3 Kb6 41. d4 Rh7 $2 {[%mdl 8192]} (41... exd4+ $14 42. Kxd4 Kc7) 42. dxe5 fxe5 {[#]} 43. Re6 $1 Rh3+ 44. Kc2 {Accuracy: White = 87%, Black = 81%.} 1-0

[Event "WSTCC-65 2020"]
[Site "Prague"]
[Date "2020.03.08"]
[Round "3.37"]
[White "Babula, Milan"]
[Black "Rooze, Jan"]
[Result "1/2-1/2"]
[WhiteElo "2144"]
[BlackElo "2245"]
[Annotator "TA"]
[PlyCount "104"]
[EventDate "2020.03.06"]
[EventType "team-tourn"]
[EventCountry "CZE"]
[SourceTitle "playchess.com"]
[Source "ChessBase"]
[SourceQuality "1"]

{[%evp 12,104,29,27,46,45,58,56,61,54,67,62,74,68,79,0,0,0,-8,-4,0,-6,0,-18,0,0,16,18,12,19,6,0,0,-1,0,0,0,0,0,0,41,28,16,25,46,-27,6,0,0,-75,-76,-81,-79,-75,-74,-79,-56,-89,-53,-58,-52,-59,-44,-77,-8,-8,-8,-8,-8,-68,-74,-75,-78,-87,-23,-20,0,0,0,0,0,0,0,0,0,0,0,0,0,0,0,0,0,0,0]} 1. e4 d6 2. d4 Nf6 3. Nd2 g6 4. Bc4 Bg7 5. Ngf3 O-O 6. O-O c6 7. c3 a5 {B07: Pirc Defence: Miscellaneous Systems.} 8. a4 {[#]} Na6 $146 ({Predecessor:} 8... Qc7 9. e5 Nd5 10. exd6 Qxd6 11. Bb3 Nd7 12. Re1 N7f6 13. Nc4 Qd8 14. Bg5 h6 15. Bd2 {½-½ (54) Hermann,A (2330)-Zunker,R (2214) Verden 1999}) 9. Re1 Nc7 {White is slightly better.} 10. Bb3 d5 11. exd5 Ncxd5 12. Ne5 Nd7 13. Bxd5 (13. Nd3 $16) 13... cxd5 $11 14. Ndf3 Nxe5 15. Nxe5 Ra6 16. Bf4 Re6 17. Qb3 Re8 18. Qb5 g5 {aiming for ...Rb6.} 19. Bg3 Rb6 20. Qxa5 Rxb2 21. Qxd8 Rxd8 22. h4 h6 23. hxg5 hxg5 24. Nd3 Rb3 25. Rac1 Kf8 26. Bc7 Re8 27. Nc5 Ra3 28. a5 ({Better is} 28. Re2 $14) 28... Bf6 29. Re3 Kg7 30. Rg3 (30. c4 $11 Rxe3 31. fxe3) 30... g4 $17 31. Re1 Bh4 32. Rge3 {[#]} Bg5 $1 {[%cal Rg5e3]} 33. f4 Bf6 34. Kf2 Rh8 35. Be5 Rxa5 36. Bxf6+ exf6 37. Re8 Rxe8 (37... Rf8 $17) 38. Rxe8 {[%mdl 4096] Endgame KRB-KRN} Bf5 {With the idea ...b6.} 39. Nxb7 Ra2+ 40. Re2 {[#]} (40. Kg3 $1 $11) 40... g3+ $1 $15 {[%mdl 512]} 41. Ke3 {[#]} (41. Kxg3 Rxe2) 41... Ra3 $1 {[%cal Ra3c3]} 42. Nd6 Rxc3+ ({Black should try} 42... Bg4 $17 43. Rc2 Ra6 44. Ne8+ Kg6) 43. Kd2 $11 Rc2+ {[#]The position is equal.} 44. Kd1 $1 {[%mdl 512]} Rxe2 45. Nxf5+ Kg6 46. Kxe2 Kxf5 {KP-KP} 47. Kf3 Kg6 {Hoping for ...Kf5.} 48. Kg4 f5+ 49. Kxg3 Kh5 50. Kh3 f6 51. g3 Kh6 52. Kh4 Kg6 {Accuracy: White = 85%, Black = 84%.} 1/2-1/2

[Event "WSTCC-65 2020"]
[Site "Prague"]
[Date "2020.03.08"]
[Round "3.38"]
[White "Goormachtigh, Johan"]
[Black "Pacl, Vaclav"]
[Result "1/2-1/2"]
[WhiteElo "2181"]
[BlackElo "2006"]
[Annotator "TA"]
[PlyCount "36"]
[EventDate "2020.03.06"]
[EventType "team-tourn"]
[EventCountry "CZE"]
[SourceTitle "playchess.com"]
[Source "ChessBase"]
[SourceQuality "1"]

{[%evp 18,36,60,40,52,41,39,39,39,3,6,10,0,1,37,4,8,-12,43,37,59]} 1. d4 e6 2. c4 f5 3. Nf3 Nf6 4. g3 Be7 5. Bg2 O-O 6. O-O d6 7. Nc3 a5 8. b3 Qe8 9. Bb2 c6 10. Re1 d5 {A99: Classical Dutch: Fluid Systems: 7 Nc3 Qe8 8 b3.} 11. e3 Nbd7 {[#]} 12. Ne2 $146 ({Predecessor:} 12. Nd2) 12... a4 13. c5 a3 14. Bc3 Ne4 15. Rc1 Nxc3 16. Nxc3 Bf6 17. Na4 e5 ({Better is} 17... g5 $11) 18. dxe5 $14 Nxe5 {Accuracy: White = 76%, Black = 78%.} 1/2-1/2